Southville International School and Colleges
Your cart is empty.
  • Cart
  • Lists
    Public lists Eva Luna New books Lux_list list_1
    Your lists Log in to create your own lists
  • Log in to your account
  • Your cookies
  • Search history
Southville International School and Colleges
  • Advanced search
  • Recent comments
  • Most popular
  • Libraries

Log in to your account

Log in with GOOGLE


If you do not have an external account, but do have a local account, you can still log in:

  1. Home
  2. MARC view: For men only /
Normal view MARC view ISBD view

For men only / (Record no. 39458)

[ view plain ]
MARC details
000 -LEADER
fixed length control field 00801nam a2200241 a 4500
003 - CONTROL NUMBER IDENTIFIER
control field PILC
005 - DATE AND TIME OF LATEST TRANSACTION
control field 20160223101738.0
008 - FIXED-LENGTH DATA ELEMENTS--GENERAL INFORMATION
fixed length control field 120925s19uu xx 00 eng d
020 ## - INTERNATIONAL STANDARD BOOK NUMBER
International Standard Book Number 9789710482496
050 ## - LIBRARY OF CONGRESS CALL NUMBER
Classification number BT 703.5
Item number .F45 2007
100 ## - MAIN ENTRY--PERSONAL NAME
Personal name Feldhahn, Shaunti.
245 ## - TITLE STATEMENT
Title For men only /
Statement of responsibility, etc Shaunti Feldhahn, Jeff Feldhahn.
260 ## - PUBLICATION, DISTRIBUTION, ETC. (IMPRINT)
Place of publication, distribution, etc Manila, Philippines :
Name of publisher, distributor, etc Shepherd House Pub,
Date of publication, distribution, etc 2007.
300 ## - PHYSICAL DESCRIPTION
Extent 190 pages ;
Dimensions 17 cm.
500 ## - GENERAL NOTE
General note Originally published by Veritas Enterprises
520 ## - SUMMARY, ETC.
Summary, etc "A straightforward guide to the inner lives of women."--Cover note.
650 ## - SUBJECT ADDED ENTRY--TOPICAL TERM
Topical term or geographic name as entry element Man-woman relationships
General subdivision Religious aspects
-- Christianity.
650 ## - SUBJECT ADDED ENTRY--TOPICAL TERM
Topical term or geographic name as entry element Man-woman relationships.
650 ## - SUBJECT ADDED ENTRY--TOPICAL TERM
Topical term or geographic name as entry element Women
General subdivision Psychology.
700 ## - ADDED ENTRY--PERSONAL NAME
Personal name Feldhahn, Jeff.
942 ## - ADDED ENTRY ELEMENTS (KOHA)
Koha item type Books
Source of classification or shelving scheme Library of Congress Classification
Call number prefix Foreign
Holdings
Withdrawn status Lost status Source of classification or shelving scheme Damaged status Home library Current library Shelving location Date acquired Source of acquisition Total Checkouts Full call number Barcode Date last seen Copy number Price effective from Koha item type
    Library of Congress Classification   College Library College Library General Circulation Section 12/12/2013 Library Fund   BT 703.5 .F45 2007 C15981 05/15/2018 1 12/12/2013 Books

For men only /

APA

Feldhahn S., Feldhahn J., . (2007). For men only. Manila, Philippines: Shepherd House Pub.

Chicago

Feldhahn Shaunti, Feldhahn Jeff, . 2007. For men only. Manila, Philippines: Shepherd House Pub.

Harvard

Feldhahn S., Feldhahn J., . (2007). For men only. Manila, Philippines: Shepherd House Pub.

MLA

Feldhahn Shaunti, Feldhahn Jeff, . For men only. Manila, Philippines: Shepherd House Pub. 2007.

  • Place hold
  • Print
  • Cite
  • Add to your cart (remove)
  • Save record
    BIBTEX Dublin Core MARCXML MARC (non-Unicode/MARC-8) MARC (Unicode/UTF-8) MARC (Unicode/UTF-8, Standard) MODS (XML) RIS
  • More searches
    Search for this title in:
    Other Libraries (WorldCat) Other Databases (Google Scholar) Online Stores (Bookfinder.com) Open Library (openlibrary.org)

Exporting to Dublin Core...

SOUTHVILLE LIBRARY

Southville International School and Colleges Library

1281 Tropical Ave. Cor. Luxembourg St., BF Homes International, Las Pinas City

Tel. No. 8256374 / 252358 Loc. 117/146

Powered by Koha